| 000 | 00688cam a2200265 i 4500 | ||
|---|---|---|---|
| 003 | DO-SdBPM | ||
| 005 | 20250310084115.0 | ||
| 008 | 100514s 19uu sp a | |||| 000 f spa | ||
| 015 | _a | ||
| 017 |
_a _b |
||
| 020 | _a8474530612 | ||
| 035 | _a | ||
| 040 |
_a _bspa _cBPMSU _e |
||
| 080 | _a | ||
| 082 | 4 |
_a808.83 _bF587ha _222 |
|
| 245 | 0 | 3 |
_aEl flautista de Hamelin. _h |
| 260 |
_aBilbao, España : _bFher, _c[190-?]. |
||
| 300 |
_a[8] p.: _bil. _c26 cm. |
||
| 490 | 0 |
_aClásicos, _v4 |
|
| 590 | _aInventariado, 2025/VM | ||
| 650 | 4 | _aCuentos infantiles | |
| 650 | 4 | _aLibros ilustrados para niños | |
| 910 | _aVMateo V. Control de calidad. BPMSU | ||
| 942 |
_2ddc _cBK |
||
| 999 |
_c12488 _d12488 |
||